Statistics for Capitals of Arab Maghreb Union Countries

Click here to take the quiz!

General Stats

  • This quiz has been taken 37 times
  • The average score is 4 of 5

Answer Stats

CountryCapital% Correct
TunisiaTunis
100%
MoroccoRabat
97%
AlgeriaAlgiers
89%
LibyaTripoli
89%
MauritaniaNouakchott
56%

Score Distribution

Percentile by Number Answered

Percent of People with Each Score

Your Score History

You have not taken this quiz